[Event "45th Olympiad 2024"]
[Site "Budapest HUN"]
[Date "2024.09.21"]
[Round "10.89"]
[Board "3"]
[White "Adeshole Beckley, Brian"]
[Black "Thomas, Larry"]
[Result "1-0"]
[WhiteElo "1814"]
[BlackElo "1686"]
[PlyCount "83"]
[EventDate "2024.09.11"]
[WhiteTeam "Sierra Leone"]
[BlackTeam "Dominica"]
[WhiteTeamCountry "SIE"]

1. d4 Nf6 2. c4 e6 3. Nf3 Bb4+ 4. Bd2 Qe7 5. a3 Bxd2+ 6. Qxd2 b6 7. Nc3 Bb7 8. e3 Ne4 9. Nxe4 Bxe4 10. Bd3 Bxd3 11. Qxd3 c6 $146 ({RR} 11... f5 12. d5 O-O 13. dxe6 dxe6 14. O-O-O a5 15. Rd2 Na6 16. Qd7 Rfe8 17. Qxe7 Rxe7 18. Ne5 Nc5 19. Kc2 h6 20. Rhd1 Ree8 21. f3 a4 22. h4 Rac8 23. h5 Ra8 24. Kc3 Rac8 {½-½ Seitner,R (1857)-Krisin,J (1828) Mittelfranken-chTB2b 1112 2011 (1.5)}) 12. O-O O-O 13. b4 d6 14. Rac1 Nd7 15. Qe4 d5 16. cxd5 cxd5 17. Qf4 Rac8 18. Qh4 Qxh4 19. Nxh4 Rc4 20. Rxc4 dxc4 21. b5 Rc8 22. Rc1 Kf8 23. Nf3 Ke7 24. Rc3 Kd6 25. e4 e5 26. Kf1 exd4 27. Nxd4 Kc5 28. Nc6 Nb8 29. Nxa7 Rc7 30. Nc6 Nxc6 31. bxc6 Rxc6 32. Ke2 Kd4 33. Re3 c3 34. Kd1 c2+ 35. Kc1 Rc3 36. Rxc3 Kxc3 37. e5 b5 38. f4 Kb3 39. f5 b4 40. axb4 Kxb4 41. e6 fxe6 42. fxe6 1-0

[Event "45th Olympiad 2024"]
[Site "Budapest HUN"]
[Date "2024.09.21"]
[Round "10.89"]
[Board "4"]
[White "Francis, Nigel"]
[Black "Moses Ina Ebenezer Conteh"]
[Result "1-0"]
[WhiteElo "1775"]
[BlackElo "1631"]
[PlyCount "139"]
[EventDate "2024.09.11"]
[WhiteTeam "Dominica"]
[BlackTeam "Sierra Leone"]
[BlackTeamCountry "SIE"]

1. e4 c6 2. d4 d5 3. e5 Bf5 4. h4 h5 5. Bd3 Bxd3 6. Qxd3 e6 7. c4 ({RR} 7. Nc3 Qb6 8. Be3 Qa6 9. Qd2 Ne7 10. Nge2 Nd7 11. O-O-O b5 12. Qd3 {½-½ Sveshnikov,E (2536)-Levin,F (2486) Cesenatico op 14th 2010 (9)}) 7... Nd7 ({RR} 7... dxc4 8. Qxc4 Nd7 9. Nc3 Nb6 10. Qd3 Ne7 11. Nf3 Nf5 12. g3 Nd5 13. O-O Be7 14. Ne4 Qb6 15. a3 Rd8 16. Rd1 a5 17. Qc2 Nc7 18. Bg5 Bxg5 19. Nexg5 Nb5 20. d5 cxd5 21. Qd3 Nxg3 22. Nxe6 {1-0 Vargas Pereda,J (1930)-Zacurdajev,D (2239) Titled Tue 26th Mar Early 2024 (7)}) 8. c5 $146 ({RR} 8. Nf3 Ne7 9. Bg5 Qb6 10. Nbd2 Nf5 11. O-O Be7 12. Bxe7 Nxe7 13. b4 O-O 14. Rfb1 Rfd8 15. b5 c5 16. cxd5 exd5 17. dxc5 Nxc5 18. Qe2 Ne6 19. g3 Nf5 20. Kg2 Rac8 21. Qd3 Nfd4 22. Nxd4 Qxd4 {½-½ Macias Pino,D (2126)-Codreanu,M (1846) EU-ch U12 Bratislava 2019 (3)}) 8... b6 9. b4 a5 10. b5 bxc5 11. bxc6 Nb8 12. Qb5 Qc7 13. Nf3 Nxc6 14. dxc5 Rb8 15. Qe2 Bxc5 16. Nbd2 Nxe5 17. Qxe5 Qxe5+ 18. Nxe5 Bd4 19. Nc6 Bxa1 20. Nxb8 Ne7 21. Ba3 Bf6 22. Na6 O-O 23. Nc5 Rc8 24. Nd7 Bd4 25. Nf3 Bc3+ 26. Ke2 Nf5 27. Rb1 Kh7 28. Rb8 Rc7 29. Nf8+ Kh6 30. Bc1+ g5 31. hxg5+ Kg7 32. Bf4 Rc4 33. Bh2 Nd4+ 34. Nxd4 Bxd4 35. Nd7 Ra4 36. a3 Rxa3 37. Be5+ Bxe5 38. Nxe5 a4 39. Rb7 Ra2+ 40. Ke3 d4+ 41. Kf3 Ra3+ 42. Ke4 Rb3 43. Rxf7+ Kg8 44. Ra7 a3 45. Kxd4 Rb2 46. Nd3 Rb5 47. f4 Rd5+ 48. Ke4 a2 49. Rxa2 Rd7 50. Ne5 Rb7 51. Rd2 Rb8 52. Nc6 Rb6 53. Rd6 Rb2 54. Rxe6 Rxg2 55. Kf5 h4 56. Rh6 Rc2 57. Ne5 Rh2 58. Kg4 Kg7 59. Rxh4 Rg2+ 60. Kf5 Rb2 61. Rh6 Rb5 62. Rd6 Rb8 63. Rd7+ Kh8 64. Nf7+ Kg8 65. Nd8 Kf8 66. Ne6+ Ke8 67. Rd8+ Rxd8 68. Nxd8 Kxd8 69. Kf6 Ke8 70. Kg7 1-0

[Event "45th Olympiad 2024"]
[Site "Budapest HUN"]
[Date "2024.09.21"]
[Round "10.90"]
[Board "1"]
[White "Solomon, Joshua"]
[Black "Misambo .J. KIlasa"]
[Result "0-1"]
[WhiteElo "1587"]
[BlackElo "1959"]
[PlyCount "112"]
[EventDate "2024.09.11"]
[WhiteTeam "Antigua and Barbuda"]
[BlackTeam "Tanzania"]
[BlackTeamCountry "TAN"]

1. d4 Nf6 2. c4 g6 3. Nf3 c5 4. d5 d6 5. Nc3 Bg7 6. Bf4 ({RR} 6. Bg5 h6 7. Bh4 Bf5 8. Nd2 g5 9. Bg3 Qb6 10. e4 Bg6 11. Na4 Qa5 12. f3 Nbd7 13. a3 a6 14. Bf2 O-O 15. Nc3 Nh5 16. Qb3 b5 17. cxb5 axb5 18. Nxb5 Rfb8 19. g3 Ne5 20. O-O-O Nf6 {0-1 Kempinski,R (2530)-Gdanski,J (2505) MK Cafe Cup-A 1997 (7)}) 6... Nh5 ({RR} 6... Na6 7. e3 O-O 8. h3 Nc7 9. Be2 Bd7 10. e4 Rb8 11. e5 Nfe8 12. Qd2 b5 13. b3 bxc4 14. bxc4 dxe5 15. Nxe5 Nd6 16. a3 Nf5 17. O-O Nd4 18. Rab1 Rb6 19. Bd3 e6 20. Rfe1 exd5 21. Nxd7 {½-½ Ssali,J (1988)-Kawuma,P (2319) Kampala Kantinti Memorial op 2020 (3)}) 7. Bd2 O-O 8. g3 $146 ({RR} 8. h3 f5 9. e3 e5 10. dxe6 Bxe6 11. Be2 h6 12. Qc2 Nc6 13. Nd5 Bxd5 14. cxd5 Ne7 15. g4 Nf6 16. gxf5 Nxf5 17. Rg1 Qe8 18. O-O-O Ne4 19. Rxg6 Qxg6 20. Qxe4 Rae8 21. Qc2 Kh8 22. Rg1 Qf7 {0-1 Leranoz Zabalza,A (2106)-Urriza Iricibar,P (2174) Navarra-ch Pamplona 2017 (4)}) ({RR} 8. e3 e5 9. Qc2 f5 10. e4 f4 11. Be2 Bd7 12. h3 a6 13. Nh2 Nf6 14. a3 Qc7 15. a4 b6 16. a5 bxa5 17. Ng4 Be8 18. Nd1 Nfd7 19. Bxa5 Nb6 20. Nc3 N8d7 21. Na4 Bf7 22. Ra3 Qa7 {½-½ Atanasov,A (1766)-Rama,T (1528) Wch U10 Pocos de Caldas 2017 (6)}) 8... Nd7 9. Bg2 Ne5 10. Nxe5 Bxe5 11. O-O Bd7 12. e4 Rb8 13. a4 Qc8 14. Bf3 Ng7 15. h4 f5 16. Re1 fxe4 17. Rxe4 Bf5 18. Rxe5 dxe5 19. Qe2 e4 20. Nxe4 Bxe4 21. Bxe4 Nf5 22. Bc3 Qd7 23. Rd1 Rf7 24. h5 Rbf8 25. Qg4 Qd6 26. hxg6 hxg6 27. Qg5 e5 28. Kg2 Nd4 29. Bxd4 exd4 30. f4 Qf6 31. Qxg6+ Qxg6 32. Bxg6 Rg7 33. f5 Re7 34. Rd2 Kg7 35. Kf2 Rh8 36. Kf3 Kf6 37. Kf4 Rh1 38. Kf3 Ra1 39. Kf2 Ra2 40. Kf3 Ra1 41. Kf4 Rf1+ 42. Kg4 Rc1 43. b3 Rc3 44. d6 Rd7 45. Rh2 d3 46. Kf4 Rxd6 47. Rd2 Rxb3 48. Ke3 Rc3 49. Bh7 Rxc4 50. Rh2 Rcd4 51. Kd2 c4 52. Rh6+ Kg7 53. Bg6 c3+ 54. Kxc3 d2 55. Rh7+ Kg8 56. Rc7 d1=Q 0-1

[Event "45th Olympiad 2024"]
[Site "Budapest HUN"]
[Date "2024.09.21"]
[Round "10.90"]
[Board "2"]
[White "Veer Gandhi"]
[Black "Matthew Bailey"]
[Result "1/2-1/2"]
[WhiteElo "1792"]
[BlackElo "1548"]
[PlyCount "121"]
[EventDate "2024.09.11"]
[WhiteTeam "Tanzania"]
[BlackTeam "Antigua and Barbuda"]
[WhiteTeamCountry "TAN"]

1. d4 Nf6 2. Bf4 d5 3. Nc3 e6 4. Nb5 Bb4+ 5. c3 Ba5 6. a4 a6 7. b4 Bxb4 8. cxb4 axb5 9. axb5 Rxa1 10. Qxa1 Qe7 11. Qb2 O-O 12. e3 Nh5 13. Bg3 Nxg3 $146 ({RR} 13... c6 14. Bxb8 {1-0 Taher,Y (2445)-Ahn,H (2251) Titled Tue 27th Feb Early 2024 (3)}) 14. hxg3 Nd7 15. Bd3 g6 16. Nf3 Re8 17. Ke2 e5 18. dxe5 Nxe5 19. Nxe5 Qxe5 20. Qxe5 Rxe5 21. Rc1 Re7 22. Kd2 Kg7 23. Kc3 c6 24. Kd4 Bd7 25. Kc5 Kf6 26. Kd6 Be8 27. b6 Rd7+ 28. Kc5 Rd8 29. Ra1 Bd7 30. Ra7 Bc8 31. Ra8 Ke7 32. Be2 h5 33. Ra7 Ke6 34. g4 h4 35. Kd4 Kd6 36. Ra8 Re8 37. Bf3 Bd7 38. Ra7 Bc8 39. g5 Re5 40. Ra8 Bd7 41. Rb8 Rxg5 42. Rxb7 f6 43. Rb8 Re5 44. b7 Kc7 45. Rd8 Kxb7 46. Rxd7+ Kb6 47. Rh7 g5 48. Rf7 Rf5 49. Rg7 h3 50. Rh7 hxg2 51. Bxg2 Rxf2 52. Bh3 f5 53. Rf7 f4 54. exf4 gxf4 55. Bc8 Kb5 56. Rb7+ Ka4 57. Bd7 Rc2 58. Bxc6+ Rxc6 59. Rf7 Rc4+ 60. Kxd5 Rxb4 61. Ke5 1/2-1/2

[Event "45th Olympiad 2024"]
[Site "Budapest HUN"]
[Date "2024.09.21"]
[Round "10.90"]
[Board "3"]
[White "Farquhar, Abner"]
[Black "Lusako, Shedrack"]
[Result "1-0"]
[WhiteElo "1678"]
[BlackElo "1760"]
[PlyCount "68"]
[EventDate "2024.09.11"]
[WhiteTeam "Antigua and Barbuda"]
[BlackTeam "Tanzania"]
[BlackTeamCountry "TAN"]

1. d4 d5 2. Nf3 e6 3. c3 Nf6 4. Bf4 Bd6 5. e3 Bxf4 6. exf4 Nbd7 7. Bd3 c5 8. Nbd2 Qc7 9. g3 b6 10. Ne5 $146 ({RR} 10. Qe2 O-O 11. h4 Bb7 12. Ne5 Rad8 13. Rd1 Bc6 14. h5 Qb7 15. g4 Nxe5 16. fxe5 Ne4 17. h6 g6 18. Qe3 f5 19. exf6 Nxf6 20. O-O Rde8 21. g5 Ne4 22. f4 cxd4 23. cxd4 Nd6 24. Nf3 Bb5 {1-0 Liu,Y (2303)-Camer,A (1983) Oceania Zonal 2023 (7.5)}) ({RR} 10. O-O Bb7 11. Re1 O-O 12. Ne5 Rad8 13. Qe2 g6 14. Rad1 Kg7 15. h4 h5 16. a3 a5 17. Qe3 Ng4 18. Nxg4 hxg4 19. h5 Rde8 20. hxg6 fxg6 21. Be2 Nf6 22. Qe5 Qxe5 23. fxe5 Ne4 24. Nxe4 dxe4 {1-0 Ter Sahakyan,S (2618)-Tokhirjonova,G (2380) Abu Dhabi Masters Online 2024 (2)}) 10... Bb7 11. Qe2 Nxe5 12. fxe5 Ne4 13. Nxe4 dxe4 14. Bxe4 Bxe4 15. Qxe4 O-O 16. O-O-O b5 17. dxc5 Qxc5 18. Qd4 Qc6 19. f4 g6 20. Rhe1 a5 21. Qe4 Qc5 22. Kb1 Rab8 23. Rd6 b4 24. Qd4 Qc7 25. c4 Rfc8 26. c5 Qxc5 27. Rd8+ Kg7 28. Qxc5 Rxd8 29. Qxa5 Rd2 30. Qa7 Rbd8 31. Qe7 R8d4 32. Qf6+ Kg8 33. Rc1 Rd8 34. h4 Rg2 1-0

[Event "45th Olympiad 2024"]
[Site "Budapest HUN"]
[Date "2024.09.21"]
[Round "10.90"]
[Board "4"]
[White "Henry Marwa Michael"]
[Black "Solomon, Jonathan"]
[Result "1-0"]
[WhiteElo "1715"]
[BlackElo "1536"]
[PlyCount "71"]
[EventDate "2024.09.11"]
[WhiteTeam "Tanzania"]
[BlackTeam "Antigua and Barbuda"]
[WhiteTeamCountry "TAN"]

1. d4 d5 2. c4 c6 3. e3 Nf6 4. Nc3 e6 5. cxd5 exd5 6. Bd3 Be6 7. Nge2 Bd6 8. f3 Qc7 9. f4 O-O 10. O-O $146 ({RR} 10. Qc2 h6 11. Bd2 b6 12. Rc1 Qc8 13. f5 Bd7 14. g3 Re8 15. O-O Na6 16. a3 c5 17. Qb1 Qb7 18. Nf4 Bxf4 19. Rxf4 Rac8 20. Be2 Nb8 21. g4 Ne4 22. Nxe4 Rxe4 23. Rxe4 dxe4 24. Bc3 Qd5 {1-0 De Blecourt,S-Maric,M (2265) Wch U14 Girls 1992 (8)}) 10... Na6 11. Bxa6 bxa6 12. Qc2 Rfe8 13. h3 c5 14. dxc5 Bxc5 15. Qd3 Qc6 16. b3 Rad8 17. Rf3 Ne4 18. f5 Bc8 19. Rf1 Qf6 20. Nd4 Bxd4 21. exd4 Nxc3 22. Qxc3 Re4 23. Bb2 Bxf5 24. g4 Qg6 25. Rxf5 Rxg4+ 26. hxg4 Qxg4+ 27. Kh2 Qxf5 28. Rg1 Rd6 29. Bc1 Qd7 30. Qg3 g6 31. Bf4 Rc6 32. Rg2 Qf5 33. Qg5 Qe4 34. Qd8+ Kg7 35. Be5+ Kh6 36. Qg5# 1-0